[Event "POL-ch Teachers"]
[Site "Krakow"]
[Date "2008.05.24"]
[Round "7.3"]
[White "Zerek, Bogdan"]
[Black "Szymczak, Rafal"]
[Result "0-1"]
[WhiteElo "2078"]
[BlackElo "2140"]
[PlyCount "94"]
[EventDate "2008.05.22"]
[EventType "swiss"]
[EventRounds "9"]
[EventCountry "POL"]
[SourceTitle "EXT 2023"]
[Source "ChessBase"]
[SourceDate "2022.10.05"]
[SourceVersion "1"]
[SourceVersionDate "2022.10.05"]
[SourceQuality "1"]

1. e4 d5 2. Nc3 dxe4 3. Nxe4 Bf5 4. Ng3 Bg6 5. d4 c6 6. Nf3 Nd7 7. Nh4 e6 8. Nxg6 hxg6 9. Qf3 Ngf6 10. Bd3 Bd6 11. h3 Qc7 12. Ne4 Nxe4 13. Qxe4 Nf6 14. Qf3 0-0-0 15. Bg5 Qa5+ 16. Bd2 Qd5 17. Qxd5 Nxd5 18. Be4 Bf4 19. Bxd5 Bxd2+ 20. Kxd2 Rxd5 21. Ke3 Rhd8 22. c3 e5 23. Rhd1 c5 24. Rd2 exd4+ 25. cxd4 Rxd4 26. Rc2 Re8+ 27. Kf3 Rd3+ 28. Kf4 b6 29. f3 Kb7 30. Rac1 Red8 31. Re1 R3d4+ 32. Kg3 Kc6 33. Re7 R4d7 34. Ree2 a5 35. Kf4 a4 36. a3 Rd4+ 37. Kg3 R8d7 38. Re8 Rd2 39. Re2 Rxc2 40. Rxc2 b5 41. Kf2 Re7 42. Rd2 b4 43. Rc2 Kb5 44. axb4 cxb4 45. Rc8 Re6 46. Rc2 a3 47. bxa3 b3 0-1